000 00502nam a2200181Ia 4500
999 _c29706
_d29706
003 OSt
005 20201231124802.0
008 190216s9999||||xx |||||||||||||| ||und||
020 _a9788126405190
040 _coclc
082 _a894.812301
_bPRI/M
100 _aPriya, A S
_98024
245 0 _aManjamarangal Chuttilum /
_cA S Priya
260 _bDc Books,
_c2009.
_aKottayam:
300 _a67p
650 _aKathakal
942 _cBK
_2ddc
_h894.812301
_iPRI/M
_k894.812301
_mPRI/M